000 00756nam a2200241 a 4500
001 0000403
003 DO-SdBNP
005 20240624113240.0
007 0000403
008 091125s20uu sp a 000 0 spa d
020 _a8497961625
040 _aBPMSU
_bspa
_cBPMSU
082 4 _aR372.2103
_bM618p
_222
245 1 0 _aMi primer diccionario
_c
246 1 4 _aMi primer diccionario :
_b con màs de 1500 definiciones ilustradas...
260 _aBarcelona :
_b Ediciones Saldaña,
_c[199-?]
300 _a200 p. :
_bil. ;
_c27 cm.
590 _aInventariado, 2024/VM
650 4 _aEducación preescolar
_xDiccionarios infantiles.
650 4 _aEnciclopedias y diccionarios para niños.
910 _a VMateo V. Control de calidad. BPMSU
942 _2ddc
_cBK
999 _c14684
_d14684